000 00653nam a2200265Ia 4500
005 20260121170343.0
008 008 260114s9999 xx 000 0 eng d
020 _a9784431549710
037 _aEBOOK
040 _aCRL
040 _beng
040 _cCRL
041 _2eng
041 _aeng
084 _qCRL
100 _aTamotsu Onozaki
_91062850
245 0 _aNonlinearity, Bounded Rationality, and Heterogeneity
260 _bSpringer
260 _bSpringer
260 _c2018
856 _uhttps://link.springer.com/openurl?genre=book&isbn=978-4-431-54971-0
942 _cEBOOK
999 _c1628579
_d1628579